000
00331pab a2200145 454500
008
180718b2002 xxu||||| |||| 00| 0 eng d
100
_a
Sharma, P.C.
245
_a
Ombudsman and integrity of government
260
_c
2002
300
_a
p.4-7.
362
_a
Jun
650
_a
Ombudsman
773
_a
CBI Bulletin
909
_a
54171
999
_c
54171
_d
54171